Largest Cities in Sardinia - Statistics

General Stats
  • This quiz has been taken 134 times
  • The average score is 6 of 10
Answer Stats
Population City % Correct
148,881 Cagliari
99%
121,657 Sassari
94%
60,385 Olbia
83%
42,352 Alghero
73%
34,105 Nuoro
72%
30,541 Oristano
68%
68,430 Quartu Sant'Elena
58%
26,390 Carbonia
47%
25,944 Assemini
27%
28,501 Selargius
24%
No matching quizzes found
Score Distribution
Percent of People with Each Score
Percentile by Number Answered
Your Score History
You have not taken this quiz